000 01167na a2200313 4500
001 22713
003 MIRAKIL
005 20181213154819.0
008 170223b tu 000 0
040 _aMilas
_btur
_cTR-AnCHP
041 _atur
082 _aCHP 324.2
_bS34 2015
090 _aCHP 324.2 S34 2015
091 _aRAPORLAR-Seçme makaleler
245 _a[8 Haziran 2015 köşe yazarları]
_b[gazete küpürleri]
_c[derleyen] CHP Kütüphanesi
246 _aKöşe yazarları ve köşe yazıları
246 _a8 Haziran 2015 köşe yazarları ve köşe yazıları
300 _aklasör
500 _aSeçim, CHP ve Kılıçdaroğlu hakkında yazan köşe yazarlarının yazıları
600 _aKılıçdaroğlu, Kemal
_xKöşe yazıları
610 _aCHP
_xKöşe yazıları
650 _aKöşe yazarları
_xEleştiriler ve yorumlar
_zTürkiye
650 _aSiyaset ve yönetim
_xKöşe yazıları
_zTürkiye
650 _aSiyasal partiler
_xKöşe yazıları
650 _aSeçimler, 2015
_xKöşe yazıları
740 _a8 Haziran 2015 köşe yazarları ve köşe yazıları]
942 _2ddc
_cBKS
999 _c1333
_d1333